[Event "CZE-chT2A 1718"]
[Site "Czech Republic"]
[Date "2017.12.03"]
[Round "4.1"]
[White "Simunek, Filip"]
[Black "Lorenc, Tomas"]
[Result "1-0"]
[WhiteElo "2150"]
[BlackElo "2222"]
[PlyCount "87"]
[EventDate "2017.10.15"]
[EventType "team-tourn"]
[EventRounds "11"]
[EventCountry "CZE"]
[SourceTitle "EXT 2022"]
[Source "ChessBase"]
[SourceDate "2021.10.06"]
[SourceVersion "1"]
[SourceVersionDate "2021.10.06"]
[SourceQuality "1"]
[WhiteTeam "Klatovy"]
[BlackTeam "Sokolov"]
[WhiteTeamCountry "CZE"]
[BlackTeamCountry "CZE"]

1. d4 Nf6 2. c4 c5 3. d5 b5 4. cxb5 a6 5. b6 e6 6. Nc3 exd5 7. Nxd5 Nxd5 8. Qxd5 Nc6 9. Bd2 Be7 10. Bc3 0-0 11. Nf3 Bb7 12. e4 Qxb6 13. Qd2 Rad8 14. Bc4 Nb4 15. Bxb4 Qxb4 16. Bd5 Bxd5 17. exd5 Rb8 18. Qxb4 Rxb4 19. b3 Bf6 20. Rc1 Re8+ 21. Kd2 d6 22. Rhe1 Reb8 23. Kd3 g5 24. h3 h5 25. Re4 Rxe4 26. Kxe4 g4 27. hxg4 hxg4 28. Nh2 Bg5 29. Rd1 Rb4+ 30. Kf5 f6 31. g3 c4 32. bxc4 Rxc4 33. Nxg4 Rc3 34. f4 Rf3 35. Rg1 Kg7 36. Ke4 Ra3 37. fxg5 fxg5 38. Rg2 Kg6 39. Ne3 Ra4+ 40. Kd3 Ra3+ 41. Kd4 g4 42. Nc4 Ra4 43. a3 a5 44. Rf2 1-0

[Event "Klatovy op 22nd"]
[Site "Klatovy"]
[Date "2016.07.08"]
[Round "7"]
[White "Novotny, Michal"]
[Black "Simunek, Filip"]
[Result "1/2-1/2"]
[WhiteElo "2283"]
[BlackElo "2143"]
[PlyCount "116"]
[EventDate "2016.07.02"]
[EventType "swiss"]
[EventRounds "9"]
[EventCountry "CZE"]
[SourceTitle "CBM 173 Extra"]
[Source "ChessBase"]
[SourceDate "2016.08.29"]
[SourceVersion "1"]
[SourceVersionDate "2016.08.29"]
[SourceQuality "1"]

1. d4 Nf6 2. Nf3 e6 3. e3 b6 4. Bd3 Bb7 5. Nbd2 d5 6. 0-0 c5 7. b3 Nc6 8. a3 Bd6 9. Bb2 Qc7 10. Qe2 0-0 11. dxc5 bxc5 12. c4 Ne5 13. cxd5 exd5 14. Nxe5 Bxe5 15. Bxe5 Qxe5 16. Rac1 Qd6 17. Rfd1 Rfe8 18. Bb5 Re7 19. Nc4 Qc7 20. Nb2 a6 21. Ba4 Qd6 22. h3 Rc8 23. Qf1 h6 24. Rc2 Ne4 25. f3 Ng5 26. Qf2 Qg6 27. Kh1 Qe6 28. Nd3 c4 29. Nf4 Qd6 30. bxc4 Qxa3 31. Nxd5 Bxd5 32. cxd5 Rd8 33. Ra2 Qxe3 34. Qxe3 Rxe3 35. Bc6 Nh7 36. Rxa6 Nf6 37. d6 Kf8 38. Ra8 Rxa8 39. Bxa8 Re8 40. Bc6 Rd8 41. Ba4 Ne8 42. d7 Nf6 43. Kh2 Ke7 44. Re1+ Kf8 45. Kg3 Nxd7 46. Rd1 Ke7 47. Bb3 f6 48. Kf4 Ne5 49. Ra1 Rd7 50. Kf5 g6+ 51. Kf4 Rd4+ 52. Kg3 g5 53. Bc2 h5 54. Ra7+ Kd6 55. Ra6+ Ke7 56. Bb3 h4+ 57. Kf2 Nd3+ 58. Ke3 Nc5 1/2-1/2

[Event "Klatovy op 22nd"]
[Site "Klatovy"]
[Date "2016.07.04"]
[Round "3"]
[White "Van der Hoeven, Gerben"]
[Black "Simunek, Filip"]
[Result "1-0"]
[WhiteElo "1968"]
[BlackElo "2143"]
[PlyCount "81"]
[EventDate "2016.07.02"]
[EventType "swiss"]
[EventRounds "9"]
[EventCountry "CZE"]
[SourceTitle "CBM 173 Extra"]
[Source "ChessBase"]
[SourceDate "2016.08.29"]
[SourceVersion "1"]
[SourceVersionDate "2016.08.29"]
[SourceQuality "1"]

1. c4 Nf6 2. Nc3 e5 3. Nf3 Nc6 4. g3 d5 5. cxd5 Nxd5 6. d3 Nb6 7. Bg2 Be7 8. a4 a5 9. 0-0 Be6 10. Be3 Nd5 11. Bd2 Ndb4 12. Nb5 0-0 13. Bc3 f6 14. d4 e4 15. Nd2 f5 16. g4 g6 17. gxf5 gxf5 18. e3 Nd5 19. Qh5 Rf7 20. Kh1 Nf6 21. Qh3 Qd7 22. Qg3+ Rg7 23. Qxc7 Qe8 24. h3 Nd5 25. Qh2 Bh4 26. Rac1 Qg6 27. Nd6 Kh8 28. N2xe4 fxe4 29. Bxe4 Qh5 30. Rg1 Rag8 31. Rxg7 Rxg7 32. Rg1 Rxg1+ 33. Kxg1 Qd1+ 34. Kg2 Qe2 35. Qg1 Nxe3+ 36. Kh1 Nd5 37. f3 b6 38. Ne8 Bf6 39. Nxf6 Nxf6 40. d5 Bxd5 41. Bxf6# 1-0

[Event "Klatovy op 22nd"]
[Site "Klatovy"]
[Date "2016.07.02"]
[Round "1"]
[White "Mackova, Veronika"]
[Black "Simunek, Filip"]
[Result "0-1"]
[WhiteElo "1902"]
[BlackElo "2143"]
[PlyCount "116"]
[EventDate "2016.07.02"]
[EventType "swiss"]
[EventRounds "9"]
[EventCountry "CZE"]
[SourceTitle "CBM 173 Extra"]
[Source "ChessBase"]
[SourceDate "2016.08.29"]
[SourceVersion "1"]
[SourceVersionDate "2016.08.29"]
[SourceQuality "1"]

1. e4 c5 2. c3 g6 3. d4 cxd4 4. cxd4 d5 5. e5 Nc6 6. Nc3 Nh6 7. Bb5 Bg7 8. Bxh6 Bxh6 9. Qf3 0-0 10. Nge2 Be6 11. Bxc6 bxc6 12. 0-0 f6 13. Nf4 Bc8 14. Nfxd5 cxd5 15. Qxd5+ Qxd5 16. Nxd5 Kf7 17. exf6 e6 18. Nc3 Kxf6 19. Ne4+ Ke7 20. Rfe1 Bb7 21. Nc5 Bd5 22. Nxe6 Bxe6 23. d5 Rf6 24. Re4 Kf7 25. dxe6+ Rxe6 26. Rh4 Kg7 27. Rd1 Rae8 28. Kf1 Bd2 29. g3 Ba5 30. Rd7+ R8e7 31. Rxe7+ Rxe7 32. b4 Bb6 33. Rc4 Rf7 34. Rc2 Rf3 35. a4 Kf6 36. a5 Bd4 37. b5 Rc3 38. Rd2 Ke5 39. Re2+ Kd6 40. Re8 Rf3 41. Rd8+ Kc5 42. b6 axb6 43. axb6 Rxf2+ 44. Ke1 Rf7 45. Ke2 Bf6 46. Rb8 Be5 47. Re8 Bd6 48. Rd8 Kc6 49. Kd3 Bc5 50. Rc8+ Kxb6 51. Ke4 Bd6 52. Kd5 Bc7 53. Ke6 Rf2 54. Rh8 Rxh2 55. g4 Rh4 56. g5 Rh5 57. Kf7 Be5 58. Re8 Rxg5 0-1

[Event "CZE-chT2A 1516"]
[Site "Czech Republic"]
[Date "2016.03.13"]
[Round "9.1"]
[White "Simunek, Filip"]
[Black "Michalek, Jan"]
[Result "1/2-1/2"]
[WhiteElo "2154"]
[BlackElo "2280"]
[PlyCount "71"]
[EventDate "2015.10.18"]
[EventType "team-tourn"]
[EventRounds "11"]
[EventCountry "CZE"]
[SourceTitle "EXT 2022"]
[Source "ChessBase"]
[SourceDate "2021.10.06"]
[SourceVersion "1"]
[SourceVersionDate "2021.10.06"]
[SourceQuality "1"]
[WhiteTeam "Klatovy"]
[BlackTeam "Kozolupy"]
[WhiteTeamCountry "CZE"]
[BlackTeamCountry "CZE"]

1. d4 Nf6 2. Nf3 e6 3. e3 b6 4. Bd3 Bb7 5. Nbd2 c5 6. b3 Nc6 7. a3 Be7 8. Bb2 0-0 9. 0-0 d5 10. Qe2 Qc7 11. Ne5 Nxe5 12. dxe5 Ne4 13. Nxe4 dxe4 14. Bc4 Rad8 15. a4 a5 16. Rfd1 Rxd1+ 17. Rxd1 Rd8 18. Rd2 Rxd2 19. Qxd2 Qd8 20. Qxd8+ Bxd8 21. Bb5 h5 22. Kf1 Bc7 23. Ke2 h4 24. g3 Bd8 25. Kf1 hxg3 26. hxg3 Kf8 27. Kg2 f5 28. exf6 gxf6 29. Kh3 Kf7 30. g4 Bc7 31. Kh4 Bd8 32. Kh5 Bd5 33. c4 Bb7 34. Bd7 Ba8 35. Bc3 Bb7 36. Bb2 1/2-1/2

[Event "Landesliga Nord 1516"]
[Site "Bayern"]
[Date "2015.12.13"]
[Round "4.3"]
[White "Simunek, Filip"]
[Black "Heimerdinger, Joerg"]
[Result "1-0"]
[WhiteElo "2162"]
[BlackElo "2046"]
[PlyCount "87"]
[EventDate "2015.10.11"]
[EventType "team-tourn"]
[EventRounds "9"]
[EventCountry "GER"]
[SourceTitle "EXT 2018"]
[Source "ChessBase"]
[SourceDate "2017.10.13"]
[SourceVersion "1"]
[SourceVersionDate "2017.10.13"]
[SourceQuality "1"]
[WhiteTeam "Bad Koetzting"]
[BlackTeam "Bindlach Aktionaer II"]
[WhiteTeamCountry "GER"]
[BlackTeamCountry "GER"]

1. d4 Nf6 2. Nf3 g6 3. c4 Bg7 4. Nc3 0-0 5. e4 d6 6. Be2 e5 7. 0-0 Nc6 8. d5 Ne7 9. Ne1 Ne8 10. Be3 f5 11. f3 f4 12. Bf2 h5 13. Rc1 g5 14. c5 Ng6 15. cxd6 cxd6 16. Nb5 a6 17. Nc7 Nxc7 18. Bb6 Rf7 19. Qc2 g4 20. Bxc7 Qf6 21. Bb6 Bd7 22. Qd2 g3 23. Kh1 Qh4 24. Bg1 gxh2 25. Bb6 Bf8 26. Rc7 Qg5 27. Rxb7 h4 28. Rf2 Qg3 29. Bf1 h3 30. b3 Nh4 31. a4 Rg7 32. Rc7 Rb8 33. a5 hxg2+ 34. Bxg2 Bh3 35. Rxg7+ Kxg7 36. Rf1 Bxg2+ 37. Nxg2 Nxf3 38. Qc3 Ng5 39. Qc7+ Kg8 40. Qxb8 f3 41. Ne1 Qh3 42. Rf2 Qg3 43. Nxf3 Nxf3 44. Rg2 1-0

[Event "CZE-chT2A 1516"]
[Site "Czech Republic"]
[Date "2015.12.06"]
[Round "4.1"]
[White "Vichnar, David"]
[Black "Simunek, Filip"]
[Result "1-0"]
[WhiteElo "2333"]
[BlackElo "2154"]
[PlyCount "79"]
[EventDate "2015.10.18"]
[EventType "team-tourn"]
[EventRounds "11"]
[EventCountry "CZE"]
[SourceTitle "EXT 2022"]
[Source "ChessBase"]
[SourceDate "2021.10.06"]
[SourceVersion "1"]
[SourceVersionDate "2021.10.06"]
[SourceQuality "1"]
[WhiteTeam "Vysehrad II"]
[BlackTeam "Klatovy"]
[WhiteTeamCountry "CZE"]
[BlackTeamCountry "CZE"]

1. d4 Nf6 2. c4 e6 3. g3 d5 4. Nf3 dxc4 5. Bg2 Bd7 6. Ne5 Bc6 7. Nxc6 Nxc6 8. Qa4 Qd7 9. Qxc4 Nd5 10. e3 0-0-0 11. 0-0 h5 12. Nd2 h4 13. a3 hxg3 14. hxg3 f5 15. Nf3 Be7 16. b4 Bf6 17. Bd2 g5 18. b5 Nb8 19. Rfc1 Rh5 20. Ba5 Rdh8 21. Kf1 b6 22. Bb4 g4 23. Ne5 Bxe5 24. dxe5 Rh2 25. Bd6 Rxg2 26. Kxg2 Kb7 27. Bb4 a5 28. Bd2 c5 29. Rh1 Rf8 30. a4 Ka8 31. e4 f4 32. exd5 exd5 33. Qd3 f3+ 34. Kf1 Rf5 35. Re1 Qf7 36. Kg1 c4 37. e6 Qg6 38. Qxf5 Qxf5 39. e7 Qc2 40. Bf4 1-0